[Event "Kent league"]
[Site "?"]
[Date "1993.01.13"]
[Round "?"]
[White "Richardson, J."]
[Black "Stebbings, A."]
[Result "1/2-1/2"]
[WhiteElo "2304"]
[BlackElo "2304"]
[PlyCount "53"]
[EventDate "1993.??.??"]

1. d4 Nf6 2. c4 e6 3. Nc3 Bb4 4. Bg5 c5 5. d5 Bxc3+ 6. bxc3 d6 7. e3 e5 8. Qc2
Nbd7 9. Bd3 h6 10. Bh4 g5 11. Bg3 Qe7 12. f3 Kd8 13. Ne2 Kc7 14. Bf2 e4 15.
fxe4 Ne5 16. Ng3 Re8 17. O-O Nxd3 18. Qxd3 Nxe4 19. Qd1 Bd7 20. Nxe4 Qxe4 21.
Qh5 Qg6 22. Qd1 Qe4 23. Qh5 f5 24. Rae1 Qxc4 25. Bg3 Rad8 26. Qxh6 Bc8 27. Qxg5
1/2-1/2

[Event "London league"]
[Site "?"]
[Date "1993.01.20"]
[Round "?"]
[White "Stebbings, A."]
[Black "Rayner, F."]
[Result "0-1"]
[WhiteElo "2304"]
[BlackElo "2232"]
[PlyCount "64"]
[EventDate "1993.??.??"]

1. d4 Nf6 2. c4 g6 3. Nc3 Bg7 4. e4 O-O 5. Be3 d6 6. f3 Nc6 7. Qd2 a6 8. Nge2
Rb8 9. h4 h5 10. O-O-O b5 11. Bh6 e5 12. Bxg7 Kxg7 13. dxe5 Nxe5 14. cxb5 axb5
15. Nf4 b4 16. Ncd5 Nxd5 17. Nxd5 c5 18. f4 Nc6 19. f5 Ra8 20. Kb1 Qa5 21. b3
Nd4 22. Rh3 Bb7 23. f6+ Kh7 24. Bc4 Ba6 25. Ne3 Bxc4 26. Nxc4 Qd8 27. Qf2 d5
28. exd5 Qxd5 29. Nb6 Qe4+ 30. Kb2 Ra6 31. Na4 Rxf6 32. Qd2 Ne6 0-1

[Event "National Club ch."]
[Site "?"]
[Date "1993.01.24"]
[Round "?"]
[White "Stebbings, A."]
[Black "Noyce, R."]
[Result "1/2-1/2"]
[WhiteElo "2304"]
[BlackElo "2208"]
[PlyCount "72"]
[EventDate "1993.??.??"]

1. d4 g6 2. e4 Bg7 3. c4 d6 4. Nc3 Nf6 5. f3 O-O 6. Be3 e5 7. Nge2 exd4 8. Nxd4
Nc6 9. Qd2 Be6 10. Be2 Nxd4 11. Bxd4 c6 12. O-O Ne8 13. Bf2 Qc7 14. Rfd1 f5 15.
exf5 Bxf5 16. Bd3 Be5 17. Bxf5 Rxf5 18. Bd4 Bf4 19. Be3 Be5 20. f4 Bg7 21. Bd4
Qf7 22. Bxg7 Nxg7 23. g3 Qxc4 24. Qxd6 Qe6 25. Rd3 Re8 26. Rad1 Rf7 27. Qxe6
Rxe6 28. Kg2 Nf5 29. Kf3 Rfe7 30. Rd8+ Kf7 31. Ra8 Re3+ 32. Kf2 b6 33. Rc8 R3e6
34. Rh8 Kg7 35. Rhd8 Ne3 36. R1d7 Ng4+ 1/2-1/2

[Event "Kent league"]
[Site "?"]
[Date "1993.01.26"]
[Round "?"]
[White "Gravely, C."]
[Black "Stebbings, A."]
[Result "1/2-1/2"]
[WhiteElo "2056"]
[BlackElo "2304"]
[PlyCount "70"]
[EventDate "1993.??.??"]

1. e4 c5 2. Nf3 e6 3. d4 cxd4 4. Nxd4 Nc6 5. Nc3 Qc7 6. Be3 a6 7. a3 Nf6 8. Be2
Be7 9. O-O d6 10. f4 O-O 11. Kh1 Rd8 12. Qe1 Nxd4 13. Bxd4 e5 14. Be3 exf4 15.
Bxf4 Be6 16. Qg3 Nd7 17. Rfd1 Ne5 18. Rac1 Ng6 19. Nd5 Bxd5 20. Rxd5 Nxf4 21.
Qxf4 Bf6 22. c3 Qb6 23. Rc2 Be5 24. Qf3 Rac8 25. Rd1 Re8 26. Rf1 Re7 27. Bd3
Rcc7 28. Rcf2 Re6 29. Qe2 Qc5 30. Bb1 Rh6 31. h3 Rf6 32. Ba2 Re7 33. Bd5 h6 34.
Rxf6 Bxf6 35. Qg4 Kf8 1/2-1/2

[Event "Kent league"]
[Site "?"]
[Date "1993.01.29"]
[Round "?"]
[White "Chandler, C."]
[Black "Stebbings, A."]
[Result "0-1"]
[WhiteElo "2120"]
[BlackElo "2304"]
[PlyCount "74"]
[EventDate "1993.??.??"]

1. d4 Nf6 2. Bg5 Ne4 3. Bh4 c5 4. f3 Qa5+ 5. c3 Nf6 6. dxc5 Qxc5 7. Bf2 Qc7 8.
Na3 b6 9. e4 d6 10. Qd2 Nbd7 11. O-O-O a6 12. g4 h6 13. Bg2 Bb7 14. Ne2 e6 15.
Bg3 e5 16. Nc2 Be7 17. Ne3 g6 18. h4 b5 19. Kb1 Nb6 20. h5 O-O-O 21. hxg6 fxg6
22. Nc1 Ng8 23. Nd5 Bxd5 24. exd5 Bg5 25. f4 Nc4 26. Qf2 exf4 27. Bxf4 Rf8 28.
Qd4 Bf6 29. Qd3 g5 30. Bg3 Be5 31. Ne2 Bxg3 32. Qxg3 Qh7+ 33. Kc1 Nf6 34. Rd4
Re8 35. Qf3 Rhf8 36. Ng3 Ne3 37. Nf5 Nfxg4 0-1

[Event "County match"]
[Site "?"]
[Date "1993.01.30"]
[Round "?"]
[White "Stebbings, A."]
[Black "Coleman, D."]
[Result "0-1"]
[WhiteElo "2304"]
[BlackElo "2264"]
[PlyCount "84"]
[EventDate "1993.??.??"]

1. c4 g6 2. d4 Nf6 3. Nc3 Bg7 4. e4 d6 5. f3 O-O 6. Be3 Nc6 7. Qd2 a6 8. Nge2
e5 9. d5 Na5 10. Nc1 c5 11. b4 cxb4 12. Na4 b5 13. Nb6 Rb8 14. Qxb4 Rxb6 15.
Qxa5 Rb8 16. Qxd8 Rxd8 17. cxb5 axb5 18. Nd3 Nxd5 19. exd5 e4 20. Rb1 exd3 21.
Bxd3 Bc3+ 22. Kf2 b4 23. Rhc1 Ra8 24. Rc2 Bd7 25. Bf4 Ra5 26. Re2 Rxd5 27. Be4
Rd4 28. Be3 Rc4 29. Bd5 Rcc8 30. Bb6 Re8 31. Rxe8+ Bxe8 32. Rd1 Ba4 33. Rd3 Bc2
34. Re3 Kf8 35. Ke2 Bb2 36. f4 h5 37. Kf3 Bc1 38. Re1 Rc3+ 39. Kf2 Bxf4 40. g3
Be5 41. Ba5 Rc5 42. Bxb4 Bd4+ 0-1

[Event "London league"]
[Site "?"]
[Date "1993.02.10"]
[Round "?"]
[White "Bryans, N."]
[Black "Stebbings, A."]
[Result "1-0"]
[WhiteElo "2160"]
[BlackElo "2304"]
[PlyCount "123"]
[EventDate "1993.??.??"]

1. e4 c5 2. Nc3 Nc6 3. f4 g6 4. Nf3 Bg7 5. Bc4 e6 6. f5 Nge7 7. d3 d5 8. Bb3
dxe4 9. Ng5 Nxf5 10. Ngxe4 h6 11. O-O O-O 12. Bf4 b6 13. g4 Nfd4 14. Qd2 g5 15.
Bd6 Re8 16. Qf2 Nf5 17. Nb5 a6 18. gxf5 exf5 19. Ng3 axb5 20. Nxf5 Bxf5 21.
Bxf7+ Kh8 22. Qxf5 Qxd6 23. Bxe8 Rxe8 24. Rae1 Rf8 25. Qe6 Rxf1+ 26. Kxf1 Qf4+
27. Kg2 Ne5 28. Rf1 Qg4+ 29. Qxg4 Nxg4 30. Re1 Ne5 31. Re4 Bf6 32. a4 b4 33. d4
cxd4 34. Rxd4 Be7 35. Re4 Bd6 36. Rd4 Bc5 37. Rd8+ Kg7 38. a5 Nc6 39. a6 Kf6
40. Rd7 Ke5 41. a7 Nxa7 42. Rxa7 h5 43. Rh7 h4 44. Kf3 Kf5 45. h3 Bd4 46. b3
Bc5 47. Rd7 Ke5 48. Rd8 Bd4 49. Kg4 Be3 50. Re8+ Kd4 51. Kf5 Bf4 52. Re4+ Kc5
53. Rc4+ Kb5 54. Kg4 Bc1 55. Kf5 Bf4 56. Ke6 Bg3 57. Kd7 Be1 58. Kc7 Ka6 59.
Re4 Bc3 60. Kc6 Bd2 61. Rd4 Be1 62. Rd5 1-0

[Event "Kent league"]
[Site "?"]
[Date "1993.02.18"]
[Round "?"]
[White "Stebbings, A."]
[Black "Gibb, J."]
[Result "1-0"]
[WhiteElo "2304"]
[BlackElo "2128"]
[PlyCount "69"]
[EventDate "1993.??.??"]

1. e4 c6 2. d4 d5 3. exd5 cxd5 4. c4 Nf6 5. Nc3 g6 6. Qb3 Bg7 7. cxd5 O-O 8.
Be2 Nbd7 9. Bf3 Nb6 10. Nge2 Bf5 11. O-O Bd3 12. d6 exd6 13. Bxb7 Rb8 14. Bf3
Re8 15. Qd1 Ba6 16. Re1 d5 17. Bf4 Rc8 18. Be5 Nc4 19. Bxf6 Qxf6 20. Nxd5 Qd6
21. b3 Na3 22. Nec3 Rxe1+ 23. Qxe1 Nc2 24. Qe7 Qb8 25. Rd1 Nxd4 26. Ne4 Nf5 27.
Nef6+ Bxf6 28. Qxf6 Bb7 29. g4 Rc6 30. Qb2 Qd8 31. gxf5 Qg5+ 32. Bg2 Rd6 33.
Qe5 Rxd5 34. Rxd5 Qc1+ 35. Bf1 1-0

[Event "London league"]
[Site "?"]
[Date "1993.03.01"]
[Round "?"]
[White "Crouch, C."]
[Black "Stebbings, A."]
[Result "1/2-1/2"]
[WhiteElo "2440"]
[BlackElo "2304"]
[PlyCount "95"]
[EventDate "1993.??.??"]

1. d4 Nf6 2. c4 e6 3. Nc3 Bb4 4. Qc2 O-O 5. Nf3 c5 6. dxc5 Na6 7. g3 Nxc5 8.
Bg2 Nce4 9. O-O Nxc3 10. bxc3 Be7 11. Bf4 d6 12. c5 Qc7 13. cxd6 Bxd6 14. Bxd6
Qxd6 15. c4 Bd7 16. c5 Qa6 17. Ne5 Rac8 18. Rab1 Rc7 19. Rfc1 Rfc8 20. Qd2 Be8
21. e3 Rxc5 22. Rxc5 Rxc5 23. Bxb7 Qa5 24. Qxa5 Rxa5 25. Nc4 Rxa2 26. Nd6 g5
27. e4 Ba4 28. e5 Ng4 29. f4 gxf4 30. gxf4 Nxh2 31. f5 Bc2 32. fxe6 fxe6 33.
Rb4 Bd1 34. Rf4 a5 35. Bc8 Bb3 36. Ne4 h5 37. Nf6+ Kg7 38. Nxh5+ Kg6 39. Nf6
Kg5 40. Rf2 Rxf2 41. Kxf2 Kf4 42. Nd7 Ng4+ 43. Ke2 a4 44. Nc5 Bc4+ 45. Kd2 a3
46. Kc3 a2 47. Kb2 Kxe5 48. Bxe6 1/2-1/2

[Event "Kent league"]
[Site "?"]
[Date "1993.03.16"]
[Round "?"]
[White "McAllan, I."]
[Black "Stebbings, A."]
[Result "0-1"]
[WhiteElo "1960"]
[BlackElo "2304"]
[PlyCount "44"]
[EventDate "1993.??.??"]

1. e4 c5 2. Nf3 e6 3. c3 Nf6 4. e5 Nd5 5. d4 cxd4 6. cxd4 d6 7. a3 Bd7 8. Bd3
Bc6 9. O-O Nd7 10. b4 a6 11. Bd2 dxe5 12. dxe5 Rc8 13. Qe2 Qb6 14. Rc1 Be7 15.
Nc3 Nxc3 16. Rxc3 O-O 17. Ng5 h6 18. Nh7 Rfd8 19. Rac1 Qd4 20. Nf6+ Nxf6 21.
exf6 Bxf6 22. Qf1 Qd5 0-1

[Event "London league"]
[Site "?"]
[Date "1993.03.24"]
[Round "?"]
[White "Stebbings, A."]
[Black "Lee, G."]
[Result "1/2-1/2"]
[WhiteElo "2304"]
[BlackElo "2256"]
[PlyCount "63"]
[EventDate "1993.??.??"]

1. d4 Nf6 2. c4 c5 3. Nf3 cxd4 4. Nxd4 b6 5. Nc3 Bb7 6. f3 d6 7. e4 e6 8. Be3
Be7 9. Be2 O-O 10. O-O a6 11. Qd2 Qc7 12. Rac1 Nbd7 13. Rfd1 Rfe8 14. Bf1 Bf8
15. Qf2 Rac8 16. Nc2 Ba8 17. Na3 Qb8 18. Kh1 Rc6 19. Nc2 Rcc8 20. Na3 Bc6 21.
Rc2 Nc5 22. Nab1 Ncd7 23. a3 b5 24. cxb5 axb5 25. b4 Ne5 26. Rdc1 Bd7 27. Ba7
Qb7 28. Qb6 Qxb6 29. Bxb6 Rb8 30. Ba7 Rb7 31. Bd4 Ra8 32. Nd1 1/2-1/2

[Event "National Club ch."]
[Site "?"]
[Date "1993.03.27"]
[Round "?"]
[White "Stebbings, A."]
[Black "Cooley, C."]
[Result "0-1"]
[WhiteElo "2304"]
[BlackElo "2432"]
[PlyCount "132"]
[EventDate "1993.??.??"]

1. d4 Nf6 2. c4 g6 3. Nc3 d5 4. Bf4 Bg7 5. e3 c6 6. Nf3 O-O 7. Rc1 Be6 8. Ng5
Bf5 9. Qb3 Nbd7 10. Qxb7 e5 11. Bxe5 Nxe5 12. dxe5 Ng4 13. Nf3 Rb8 14. Qxa7
Rxb2 15. Nd1 Nxe5 16. Nxe5 Bxe5 17. f4 Bb8 18. Qa3 Rb7 19. Bd3 Ra7 20. Qc3 d4
21. exd4 Re8+ 22. Kf1 Bxd3+ 23. Qxd3 Bxf4 24. Rc2 Rae7 25. g3 Be3 26. d5 Qd7
27. Kg2 Bc5 28. Rf1 Re5 29. Rd2 cxd5 30. cxd5 h5 31. Qf3 h4 32. Nf2 Re3 33. Qg4
Qxg4 34. Nxg4 Re2+ 35. Rxe2 Rxe2+ 36. Kh3 hxg3 37. hxg3 f5 38. Nh6+ Kg7 39.
Nxf5+ gxf5 40. Rxf5 Rxa2 41. Kg4 Bd6 42. Rg5+ Kf6 43. Rf5+ Ke7 44. Rg5 Rd2 45.
Rf5 Rd3 46. Rf3 Rxd5 47. Re3+ Kf6 48. Kf3 Rf5+ 49. Ke2 Kg5 50. Kd3 Kg4 51. Kc4
Bxg3 52. Re8 Kf3 53. Re7 Bd6 54. Re8 Bc5 55. Re6 Be3 56. Re8 Ke2 57. Re6 Rc5+
58. Kb4 Rc7 59. Kb5 Kd3 60. Rd6+ Bd4 61. Rh6 Rb7+ 62. Ka6 Rb8 63. Rh3+ Kc4 64.
Rh4 Rb6+ 65. Ka5 Rg6 66. Rf4 Rg7 0-1

[Event "London league"]
[Site "?"]
[Date "1993.04.14"]
[Round "?"]
[White "Galloway, I."]
[Black "Stebbings, A."]
[Result "0-1"]
[WhiteElo "2088"]
[BlackElo "2304"]
[PlyCount "50"]
[EventDate "1993.??.??"]

1. e4 c5 2. Nf3 e6 3. d4 cxd4 4. Nxd4 Nc6 5. Be3 Nf6 6. Nd2 Qc7 7. Be2 a6 8.
O-O d6 9. f4 Be7 10. g4 Nxd4 11. Bxd4 e5 12. Bc3 exf4 13. Rxf4 Be6 14. Qf1 h5
15. h3 hxg4 16. hxg4 Qc5+ 17. Qf2 Qg5 18. Bxf6 Bxf6 19. Nc4 Qh6 20. Kf1 Qh3+
21. Qg2 Qh1+ 22. Kf2 Bd4+ 23. Kg3 Qxa1 24. Rf1 Qxa2 25. Nxd6+ Kf8 0-1

[Event "Kent league"]
[Site "?"]
[Date "1993.04.17"]
[Round "?"]
[White "Wills, M."]
[Black "Stebbings, A."]
[Result "1-0"]
[WhiteElo "2104"]
[BlackElo "2304"]
[PlyCount "61"]
[EventDate "1993.??.??"]

1. f4 d5 2. Nf3 g6 3. e3 Bg7 4. Be2 Nf6 5. b3 O-O 6. Bb2 c5 7. O-O Nc6 8. Ne5
Nxe5 9. fxe5 Nd7 10. d4 f6 11. exf6 Nxf6 12. Bf3 Qc7 13. Nc3 Be6 14. Qe2 a6 15.
Rad1 Rad8 16. dxc5 Qxc5 17. Na4 Qc6 18. c4 Ne4 19. Bxg7 Kxg7 20. Qb2+ Nf6 21.
Rd4 Rd7 22. Rfd1 Kg8 23. Qa3 Rc8 24. Nc3 Rcd8 25. Nxd5 Nxd5 26. cxd5 Bxd5 27.
Bxd5+ Rxd5 28. Qxe7 Rxd4 29. exd4 Rxd4 30. Rf1 Qc8 31. Qf7+ 1-0

[Event "London league"]
[Site "?"]
[Date "1993.04.22"]
[Round "?"]
[White "Harari, Z."]
[Black "Stebbings, A."]
[Result "0-1"]
[WhiteElo "2232"]
[BlackElo "2304"]
[PlyCount "61"]
[EventDate "1993.??.??"]

1. e4 c5 2. Nf3 e6 3. d3 Nc6 4. g3 d5 5. Nbd2 Bd6 6. Bg2 Nge7 7. O-O O-O 8. Re1
Qc7 9. c3 Bd7 10. Nf1 Rad8 11. Bd2 d4 12. c4 e5 13. Nh4 a6 14. g4 b5 15. cxb5
axb5 16. Rc1 Be6 17. a3 Qd7 18. Nf5 Ng6 19. N1g3 Rfe8 20. Nh5 Bf8 21. Qf3 Qb7
22. Kh1 Nb8 23. Rg1 Nd7 24. Bf1 b4 25. a4 Ra8 26. Rg3 Rxa4 27. Rh3 Ra2 28. g5
Rxb2 29. Nf6+ gxf6 30. Qh5 h6 31. Nxh6+ 0-1

[Event "County match"]
[Site "?"]
[Date "1993.05.02"]
[Round "?"]
[White "Stebbings, A."]
[Black "Cobb, C."]
[Result "1/2-1/2"]
[WhiteElo "2312"]
[BlackElo "2240"]
[PlyCount "62"]
[EventDate "1993.??.??"]

1. e4 e6 2. d4 d5 3. Nd2 Nf6 4. e5 Nfd7 5. f4 c5 6. c3 Nc6 7. Ndf3 Qb6 8. g3 f5
9. Ne2 Be7 10. Bh3 cxd4 11. cxd4 O-O 12. O-O Qd8 13. g4 Nb6 14. Kh1 a5 15. Rg1
g6 16. gxf5 exf5 17. Nc3 a4 18. Be3 Nc4 19. Qe2 Nxe3 20. Qxe3 Be6 21. Bf1 a3
22. b3 Nb4 23. Rc1 Rc8 24. Qd2 Qa5 25. Bg2 Rc6 26. Ne2 Rfc8 27. Rxc6 Rxc6 28.
Rc1 Rxc1+ 29. Nxc1 Qc7 30. Ng5 Bxg5 31. fxg5 b5 1/2-1/2

[Event "Kent league"]
[Site "?"]
[Date "1993.05.16"]
[Round "?"]
[White "Ward, C."]
[Black "Stebbings, A."]
[Result "1/2-1/2"]
[WhiteElo "2464"]
[BlackElo "2312"]
[PlyCount "81"]
[EventDate "1993.??.??"]

1. d4 Nf6 2. c4 e6 3. Nc3 Bb4 4. g3 c5 5. Nf3 Bxc3+ 6. bxc3 Qa5 7. Qd3 b6 8.
Bg2 Ba6 9. Ne5 d5 10. dxc5 bxc5 11. Qc2 O-O 12. O-O Qc7 13. f4 Nbd7 14. Qa4 Bb7
15. Nxd7 Nxd7 16. cxd5 exd5 17. f5 Rfe8 18. Bf4 Qc6 19. Qxc6 Bxc6 20. Rfd1 Nb6
21. Kf2 Rad8 22. g4 h6 23. Bf3 f6 24. Be3 Ba4 25. Rdc1 Rc8 26. Rab1 Re7 27. Bf4
Rd8 28. h4 Rdd7 29. Rb2 d4 30. cxd4 cxd4 31. Rb4 d3 32. exd3 Rxd3 33. Rc7 Rxc7
34. Bxc7 Rd2+ 35. Kg3 Rd3 36. Bxb6 Bd1 37. Bxa7 Rxf3+ 38. Kg2 Ra3 39. Bc5 Rxa2+
40. Kg3 Ra4 41. Rxa4 1/2-1/2

[Event "County match"]
[Site "?"]
[Date "1993.05.22"]
[Round "?"]
[White "Knox, D."]
[Black "Stebbings, A."]
[Result "1-0"]
[WhiteElo "2248"]
[BlackElo "2312"]
[PlyCount "63"]
[EventDate "1993.??.??"]

1. e4 c5 2. Nf3 e6 3. d3 Nc6 4. g3 d5 5. Nbd2 Bd6 6. Bg2 Nge7 7. O-O O-O 8. Re1
Qc7 9. b3 Bd7 10. Bb2 d4 11. b4 cxb4 12. Nxd4 Nxd4 13. Bxd4 e5 14. Bb2 Rac8 15.
Nc4 Nc6 16. f4 f6 17. Kh1 exf4 18. gxf4 Bxf4 19. Ne3 Bxe3 20. Rxe3 Ne5 21. Qh5
Ng4 22. Re2 Qd6 23. Bf3 Ne5 24. Rg1 Rf7 25. Reg2 Qe6 26. Bd1 Qh3 27. Bxe5 fxe5
28. Qxe5 g6 29. Qa5 Rcf8 30. Qxa7 Bc6 31. Bg4 Qh4 32. Be6 1-0

[Event "County match"]
[Site "?"]
[Date "1993.06.26"]
[Round "?"]
[White "Lewis, A."]
[Black "Stebbings, A."]
[Result "1/2-1/2"]
[WhiteElo "2272"]
[BlackElo "2312"]
[PlyCount "55"]
[EventDate "1993.??.??"]

1. c4 Nf6 2. Nc3 c5 3. Nf3 d5 4. cxd5 Nxd5 5. e4 Nb4 6. Bb5+ N8c6 7. d4 cxd4 8.
a3 dxc3 9. Qxd8+ Kxd8 10. axb4 cxb2 11. Bxb2 e6 12. O-O f6 13. e5 Be7 14. Bxc6
bxc6 15. Nd4 Bd7 16. Rfc1 fxe5 17. Nxc6+ Bxc6 18. Rxc6 Kd7 19. b5 Rhb8 20. Rd1+
Ke8 21. Rxe6 Kf7 22. Rxe5 Bf6 23. Re2 Rxb5 24. Bxf6 gxf6 25. g4 h5 26. Rd7+ Kg6
27. Ree7 hxg4 28. Rxa7 1/2-1/2

[Event "Tournament: Lloyds Bank Masters"]
[Site "London"]
[Date "1993.08.21"]
[Round "?"]
[White "Stebbings, A."]
[Black "Gullaksen, E."]
[Result "1-0"]
[WhiteElo "2312"]
[BlackElo "2392"]
[PlyCount "65"]
[EventDate "1993.??.??"]

1. e4 c5 2. Nf3 Nc6 3. d4 cxd4 4. Nxd4 Nf6 5. Nc3 e5 6. Ndb5 d6 7. Bg5 a6 8.
Na3 b5 9. Nd5 Be7 10. Bxf6 Bxf6 11. c3 Ne7 12. Nc2 O-O 13. Nce3 Nxd5 14. Nxd5
Rb8 15. Be2 g6 16. O-O Bg7 17. Qd3 f5 18. f3 Rf7 19. b4 Bf8 20. a4 f4 21. axb5
axb5 22. Ra5 Rfb7 23. Rfa1 Kh8 24. Ra7 Bd7 25. Qd1 h5 26. R1a5 Kg7 27. Qa1 Kf7
28. Rxb7 Rxb7 29. Ra7 Qc8 30. Qa6 Bc6 31. h3 Bxd5 32. exd5 Rc7 33. Qxc8 1-0

[Event "Tournament: Lloyds Bank Masters"]
[Site "London"]
[Date "1993.08.22"]
[Round "?"]
[White "Wells, P."]
[Black "Stebbings, A."]
[Result "0-1"]
[WhiteElo "2456"]
[BlackElo "2312"]
[PlyCount "126"]
[EventDate "1993.??.??"]

1. Nf3 c5 2. c4 Nf6 3. Nc3 d5 4. cxd5 Nxd5 5. e4 Nb4 6. Bb5+ N8c6 7. d4 cxd4 8.
a3 dxc3 9. Qxd8+ Kxd8 10. axb4 cxb2 11. Bxb2 e6 12. O-O f6 13. e5 Be7 14. Nd4
Nxe5 15. f4 Nf7 16. Bc4 Bxb4 17. Nxe6+ Bxe6 18. Bxe6 Ke7 19. Bd5 Rhd8 20. Rfd1
Rac8 21. Kf1 Bc5 22. g4 Rc7 23. Rac1 b6 24. g5 Rcd7 25. gxf6+ gxf6 26. Re1+ Kf8
27. Bc6 Rd2 28. Rxc5 bxc5 29. Bxf6 Rb8 30. Be7+ Kg8 31. Bxc5 Rc8 32. Be3 Rxh2
33. Bd5 Rd8 34. Rd1 Rh1+ 35. Bg1 Rd7 36. Kg2 Rh5 37. Bxf7+ Rxf7 38. Rd8+ Kg7
39. Bd4+ Kg6 40. Kg3 Rhf5 41. Be5 h5 42. Rg8+ Kh6 43. Re8 Rd7 44. Re6+ Kh7 45.
Kf3 Rff7 46. Re8 Kg6 47. Rg8+ Kf5 48. Rg5+ Ke6 49. Rxh5 Kd5 50. Rh1 a5 51. Ra1
Ra7 52. Rd1+ Kc6 53. Ke4 Rfd7 54. Rc1+ Kb5 55. f5 a4 56. f6 a3 57. Rg1 a2 58.
Rg7 Kc5 59. Rxd7 Rxd7 60. Bb2 Rd1 61. Ke5 Re1+ 62. Kf5 Kd5 63. Kg6 Ke6 0-1

[Event "Tournament: Lloyds Bank Masters"]
[Site "London"]
[Date "1993.08.23"]
[Round "?"]
[White "Stebbings, A."]
[Black "Plaskett, H."]
[Result "1/2-1/2"]
[WhiteElo "2312"]
[BlackElo "2440"]
[PlyCount "80"]
[EventDate "1993.??.??"]

1. e4 c5 2. Nf3 d6 3. d4 cxd4 4. Nxd4 Nf6 5. Nc3 Nc6 6. f4 Qb6 7. Nb3 e6 8. Qf3
Be7 9. Be3 Qc7 10. Bd3 a6 11. O-O O-O 12. g4 b5 13. g5 Nd7 14. Qh5 Re8 15. Rf3
Bb7 16. Rh3 Nf8 17. Rf1 b4 18. Nd1 g6 19. Qh4 a5 20. f5 exf5 21. exf5 Ne5 22.
Nd4 Bd8 23. f6 h5 24. Be2 Qd7 25. Rg3 Nh7 26. Bxh5 gxh5 27. Qxh5 Kh8 28. Rf4
Ng6 29. Rfg4 Re5 30. Rh3 Ngf8 31. Rgh4 Bxf6 32. Qxh7+ Nxh7 33. Rxh7+ Kg8 34.
gxf6 Qg4+ 35. Kf2 Rf5+ 36. Ke1 Rxf6 37. Rh8+ Kg7 38. R3h7+ Kg6 39. Rh6+ Kg7 40.
R6h7+ Kg6 1/2-1/2

[Event "Tournament: Lloyds Bank Masters"]
[Site "London"]
[Date "1993.08.25"]
[Round "?"]
[White "Stebbings, A."]
[Black "Kumaran, D."]
[Result "1/2-1/2"]
[WhiteElo "2312"]
[BlackElo "2480"]
[PlyCount "54"]
[EventDate "1993.??.??"]

1. e4 c5 2. Nf3 e6 3. d4 cxd4 4. Nxd4 Nc6 5. Nb5 d6 6. Bf4 e5 7. Be3 Nf6 8. Bg5
Be6 9. Nd2 a6 10. Nc3 Be7 11. Bxf6 Bxf6 12. Nc4 Nd4 13. Ne3 Rc8 14. Bd3 O-O 15.
Ncd5 Bg5 16. c3 Nc6 17. O-O g6 18. Be2 f5 19. Bf3 Bxe3 20. Nxe3 f4 21. Nd5 Ne7
22. Bg4 Bxg4 23. Nxe7+ Qxe7 24. Qxg4 f3 25. gxf3 Rcd8 26. Rfd1 Rf4 27. Qg3 Rdf8
1/2-1/2

[Event "Tournament: Lloyds Bank Masters"]
[Site "London"]
[Date "1993.08.26"]
[Round "?"]
[White "Conquest, S."]
[Black "Stebbings, A."]
[Result "1-0"]
[WhiteElo "2504"]
[BlackElo "2312"]
[PlyCount "77"]
[EventDate "1993.??.??"]

1. c4 Nf6 2. Nc3 c5 3. Nf3 d5 4. cxd5 Nxd5 5. g3 Nc6 6. Bg2 Nc7 7. d3 e5 8. Nd2
Bd7 9. Nc4 Be7 10. O-O O-O 11. Bd2 f6 12. Rc1 Kh8 13. f4 b5 14. Ne3 exf4 15.
gxf4 Rc8 16. Ne4 Ne6 17. Nf5 Ncd4 18. Nxe7 Qxe7 19. e3 Nf5 20. Qh5 g6 21. Qe2
b4 22. b3 Bb5 23. Rcd1 Nc7 24. Bc1 Nd5 25. Rfe1 a5 26. Qf2 a4 27. Bb2 Rcd8 28.
bxa4 Bxa4 29. Rc1 Rc8 30. Nd2 Nb6 31. e4 Ng7 32. f5 gxf5 33. exf5 Qd7 34. Rxc5
Qxd3 35. Ne4 Rxc5 36. Qxc5 Nd7 37. Qxb4 Bc6 38. Nxf6 Rb8 39. Nxd7 1-0

[Event "Tournament: Lloyds Bank Masters"]
[Site "London"]
[Date "1993.08.27"]
[Round "?"]
[White "Stebbings, A."]
[Black "Hunt, A."]
[Result "0-1"]
[WhiteElo "2312"]
[BlackElo "2128"]
[PlyCount "78"]
[EventDate "1993.??.??"]

1. e4 c5 2. Nf3 d6 3. d4 cxd4 4. Nxd4 Nf6 5. Nc3 a6 6. f4 Nbd7 7. Nf3 Qc7 8.
Bd3 g6 9. O-O Bg7 10. Qe1 e5 11. a4 O-O 12. fxe5 dxe5 13. Qh4 b6 14. Bh6 Bb7
15. Ng5 Rfe8 16. Bxg7 Kxg7 17. Nxf7 Qc5+ 18. Kh1 Kxf7 19. Qxh7+ Ke6 20. Qxg6
Rg8 21. Qf5+ Ke7 22. Rad1 Rg7 23. Be2 Rag8 24. Bf3 Rg5 25. Qh3 b5 26. axb5 axb5
27. Rd2 b4 28. Nd5+ Bxd5 29. exd5 Qd6 30. Qh4 e4 31. Re2 Re5 32. Bxe4 Rg4 33.
Qh8 Rexe4 34. Ref2 Rh4 35. Qg7+ Kd8 36. g3 Reg4 37. Rxf6 Qxd5+ 38. R6f3 Rxg7
39. gxh4 Rf7 0-1

[Event "Tournament: Lloyds Bank Masters"]
[Site "London"]
[Date "1993.08.28"]
[Round "?"]
[White "Ansell, S."]
[Black "Stebbings, A."]
[Result "0-1"]
[WhiteElo "2240"]
[BlackElo "2312"]
[PlyCount "80"]
[EventDate "1993.??.??"]

1. e4 c5 2. Nf3 e6 3. d4 cxd4 4. Nxd4 Nc6 5. Nb5 d6 6. c4 Nf6 7. N1c3 a6 8. Na3
Be7 9. Be2 O-O 10. O-O b6 11. Be3 Ne5 12. Rc1 Bb7 13. f3 Ned7 14. Qd2 Qc7 15.
Rfd1 Rac8 16. Qe1 Qb8 17. Qf2 Bd8 18. Bf1 Bc7 19. g4 Ne5 20. g5 Nfd7 21. Bh3
Nc5 22. Qe2 Rce8 23. b4 Ncd7 24. f4 Ng6 25. Qf2 f6 26. Bxe6+ Rxe6 27. f5 fxg5
28. fxe6 Rxf2 29. Bxf2 Ndf8 30. Nd5 Nxe6 31. Nc2 Nef4 32. Rd2 Ne5 33. Ne1 Bd8
34. Bg3 Qc8 35. c5 bxc5 36. bxc5 dxc5 37. Nxf4 gxf4 38. Bxf4 Qg4+ 39. Bg3 Bg5
40. Rg2 Bxe4 0-1

[Event "Tournament: Lloyds Bank Masters"]
[Site "London"]
[Date "1993.08.29"]
[Round "?"]
[White "Stebbings, A."]
[Black "Webster, A."]
[Result "1/2-1/2"]
[WhiteElo "2312"]
[BlackElo "2368"]
[PlyCount "84"]
[EventDate "1993.??.??"]

1. e4 c5 2. Nf3 a6 3. c4 e6 4. Nc3 Qc7 5. d4 cxd4 6. Nxd4 Nf6 7. Nc2 b6 8. f4
d6 9. Bd3 Nbd7 10. O-O Nc5 11. Qe2 Be7 12. Bd2 O-O 13. Rae1 Nfd7 14. Ne3 Nxd3
15. Qxd3 Bb7 16. Kh1 Rfe8 17. b3 Bc6 18. Nc2 Nc5 19. Qe2 Bh4 20. Rd1 Bf6 21. b4
Bxc3 22. bxc5 Bxd2 23. cxb6 Qxb6 24. Rxd2 Qb7 25. Re1 Red8 26. Nd4 Rac8 27.
Nxc6 Qxc6 28. Rd4 f6 29. Rc1 e5 30. fxe5 dxe5 31. Rxd8+ Rxd8 32. Rd1 Rxd1+ 33.
Qxd1 Qxe4 34. Qd8+ Kf7 35. Qc7+ Kg6 36. h3 Qe1+ 37. Kh2 e4 38. Qf4 h5 39. c5 e3
40. Qe4+ Kh6 41. Qf4+ Kh7 42. Qe4+ Kh6 1/2-1/2

[Event "Tournament: Lloyds Bank Masters"]
[Site "London"]
[Date "1993.08.30"]
[Round "?"]
[White "O'Shaughnessy, C."]
[Black "Stebbings, A."]
[Result "1/2-1/2"]
[WhiteElo "2256"]
[BlackElo "2312"]
[PlyCount "80"]
[EventDate "1993.??.??"]

1. e4 c5 2. Nf3 e6 3. c3 Nf6 4. e5 Nd5 5. d4 cxd4 6. cxd4 d6 7. Nc3 Nxc3 8.
bxc3 Qc7 9. Bd2 Nd7 10. exd6 Bxd6 11. Bd3 b6 12. O-O Bb7 13. Re1 Rc8 14. Rc1
Bf4 15. Ne5 Bxd2 16. Qxd2 Nxe5 17. Rxe5 O-O 18. Rh5 f5 19. Rh3 Rfd8 20. Rc2 Qc6
21. f4 Qd6 22. Re3 Qxf4 23. Rxe6 Qxd2 24. Rxd2 Rxc3 25. Re7 Rxd4 26. Rxb7 Rcxd3
27. Rxd3 Rxd3 28. Rxa7 Rd2 29. a4 Ra2 30. Ra6 Kf7 31. Rxb6 Rxa4 32. Kf2 Re4 33.
Kf3 Re6 34. Rb7+ Kf6 35. h4 Ra6 36. g3 h6 37. Rb3 g5 38. hxg5+ Kxg5 39. Rc3 h5
40. Rb3 Ra4 1/2-1/2

[Event "4NCL league"]
[Site "?"]
[Date "1993.10.02"]
[Round "?"]
[White "Wade, R."]
[Black "Stebbings, A."]
[Result "1/2-1/2"]
[WhiteElo "2120"]
[BlackElo "2312"]
[PlyCount "39"]
[EventDate "1993.??.??"]

1. d4 Nf6 2. Bg5 Ne4 3. Bf4 c5 4. Nd2 Nxd2 5. Qxd2 cxd4 6. Bxb8 Rxb8 7. Nf3 Qb6
8. Qxd4 Qxd4 9. Nxd4 a6 10. g3 g6 11. Bg2 Bg7 12. e3 b5 13. O-O O-O 14. Rfd1
Bb7 15. Bxb7 Rxb7 16. c3 Rc8 17. Nc2 a5 18. a3 Rc5 19. Rd3 d6 20. Rad1 1/2-1/2